إدارة المستشفيات و المراكز الصحية / (رقم التسجيلة. 105522)

تفاصيل مارك
000 -LEADER
fixed length control field 00712nam a22002297a 4500
005 - DATE AND TIME OF LATEST TRANSACTION
control field 20251108173514.0
008 - FIXED-LENGTH DATA ELEMENTS--GENERAL INFORMATION
fixed length control field 250721s2007 xx 000 0 ara d
020 ## - INTERNATIONAL STANDARD BOOK NUMBER
International Standard Book Number 9957002988
082 14 - DEWEY DECIMAL CLASSIFICATION NUMBER
Classification number 362.11/ جلد
100 1# - MAIN ENTRY--PERSONAL NAME
Personal name جلدة، سليم بطرس
245 10 - TITLE STATEMENT
Title إدارة المستشفيات و المراكز الصحية /
246 11 - VARYING FORM OF TITLE
Title proper/short title Managing Hospitals & Health Centers
264 1# - PRODUCTION, PUBLICATION, DISTRIBUTION, MANUFACTURE, AND COPYRIGHT NOTICE
Place of production, publication, distribution, manufacture عمان :
Name of producer, publisher, distributor, manufacturer دار الشروق،
Date of production, publication, distribution, manufacture, or copyright notice 2007.
300 ## - PHYSICAL DESCRIPTION
Extent 247ص.
650 17 - SUBJECT ADDED ENTRY--TOPICAL TERM
Topical term or geographic name as entry element إدارة المستشفيات
650 17 - SUBJECT ADDED ENTRY--TOPICAL TERM
Topical term or geographic name as entry element الخدمات الصحية
650 17 - SUBJECT ADDED ENTRY--TOPICAL TERM
Topical term or geographic name as entry element المراكز الصحية
650 17 - SUBJECT ADDED ENTRY--TOPICAL TERM
Topical term or geographic name as entry element الرعاية الصحية
650 17 - SUBJECT ADDED ENTRY--TOPICAL TERM
Topical term or geographic name as entry element الأردن
942 ## - ADDED ENTRY ELEMENTS (KOHA)
Source of classification or shelving scheme Dewey Decimal Classification
Koha item type كتب
المقتنيات
حالة السحب حالة الفقدان مصدر التصنيف حالة التلف غير قابل للإعارة المكتبة الرئيسية المكتبة الحالية موقع الرف تاريخ التزويد الرقم المتسلسل Total Checkouts رقم الإستدعاء الباركود تاريخ آخر ظهور تاريخ الفاتورة نوع المادة (كوها)
    Dewey Decimal Classification     المكتبة المركزية المكتبة المركزية الإعارة 28/07/2025 1087610   362.11/ جلد 1087610 28/07/2025 28/07/2025 كتب
    Dewey Decimal Classification   Not For Loan المكتبة المركزية المكتبة المركزية مقتنيات قسم التزويد 28/07/2025 1087611   362.11/ جلد 1087611 28/07/2025 28/07/2025 كتب
    Dewey Decimal Classification   Not For Loan المكتبة المركزية المكتبة المركزية مقتنيات قسم التزويد 28/07/2025 1087612   362.11/ جلد 1087612 28/07/2025 28/07/2025 كتب
    Dewey Decimal Classification     مكتبة أبو علندا العامة مكتبة أبو علندا العامة الإعارة 28/07/2025 1087622   362.11/ جلد 1087622 28/07/2025 28/07/2025 كتب
    Dewey Decimal Classification     مكتبة أم قصير والمقابلين العامة مكتبة أم قصير والمقابلين العامة الإعارة 28/07/2025 1087621   362.11/ جلد 1087621 28/07/2025 28/07/2025 كتب
    Dewey Decimal Classification     مكتبة الأميرة ايمان العامة مكتبة الأميرة ايمان العامة الإعارة 28/07/2025 1087613   362.11/ جلد 1087613 28/07/2025 28/07/2025 كتب
    Dewey Decimal Classification     مكتبة الاميرة بديعة مكتبة الاميرة بديعة الإعارة 28/07/2025 1087616   362.11/ جلد 1087616 28/07/2025 28/07/2025 كتب
    Dewey Decimal Classification     مكتبة البراعم الواعدة مكتبة البراعم الواعدة الإعارة 26/10/2015 1474169   362.11/ جلد PLD00360060 28/07/2025 26/10/2015 كتب
    Dewey Decimal Classification     مكتبة الجويدة مكتبة الجويدة الإعارة 28/07/2025 1087617   362.11/ جلد 1087617 28/07/2025 28/07/2025 كتب
    Dewey Decimal Classification     مكتبة الحسن العامة مكتبة الحسن العامة الإعارة 28/07/2025 1087618   362.11/ جلد 1087618 28/07/2025 28/07/2025 كتب
    Dewey Decimal Classification     مكتبة النصر العامة مكتبة النصر العامة الإعارة 28/07/2025 1087624   362.11/ جلد 1087624 28/07/2025 28/07/2025 كتب
    Dewey Decimal Classification     مكتبة حمزة العامة مكتبة حمزة العامة الإعارة 28/07/2025 1087619   362.11/ جلد 1087619 28/07/2025 28/07/2025 كتب
    Dewey Decimal Classification     مكتبة صويلح العامة مكتبة صويلح العامة الإعارة 28/07/2025 1087614   362.11/ جلد 1087614 28/07/2025 28/07/2025 كتب
    Dewey Decimal Classification     مكتبة وادي السير العامة مكتبة وادي السير العامة الإعارة 28/07/2025 1087623   362.11/ جلد 1087623 28/07/2025 28/07/2025 كتب
Implemented & Customized by: BBB with SCIT (Smart Chains for Information Technology)

Powered by Koha